[Event "Budapest Sarkany GM 4th"]
[Site "Budapest"]
[Date "2013.08.21"]
[Round "5"]
[White "Ludwig, Daniel"]
[Black "Hera, Imre Jr"]
[Result "1/2-1/2"]
[WhiteElo "2479"]
[BlackElo "2567"]
[PlyCount "75"]
[EventDate "2013.08.17"]
[EventType "tourn"]
[EventRounds "9"]
[EventCountry "HUN"]
[EventCategory "9"]
[SourceTitle "CBM 156 Extra"]
[Source "ChessBase"]
[SourceDate "2013.10.22"]
[SourceVersion "1"]
[SourceVersionDate "2013.10.22"]
[SourceQuality "1"]

1. d4 d5 2. c4 c6 3. cxd5 cxd5 4. Nc3 Nf6 5. Nf3 Nc6 6. Bf4 Ne4 7. e3 Nxc3 8. bxc3 e6 9. Bd3 Bd6 10. Bxd6 Qxd6 11. 0-0 0-0 12. Qe2 e5 13. dxe5 Nxe5 14. Nxe5 Qxe5 15. c4 dxc4 16. Bxc4 Bd7 17. Rfd1 Bc6 18. Qd3 g6 19. Rac1 Qg5 20. Bd5 Rad8 21. e4 Rd7 22. Qg3 Qxg3 23. hxg3 Rfd8 24. Rc5 Kg7 25. f3 Rd6 26. Kf2 Bxd5 27. exd5 b6 28. Rc7 a5 29. Rb1 Rxd5 30. Rxb6 Rd2+ 31. Kg1 Rxa2 32. Rbb7 Rf8 33. Ra7 h5 34. Kh2 a4 35. Rc4 a3 36. Rc3 Re8 37. Rcxa3 Rxa3 38. Rxa3 1/2-1/2

[Event "Budapest Sarkany GM 4th"]
[Site "Budapest"]
[Date "2013.08.18"]
[Round "2"]
[White "Ludwig, Daniel"]
[Black "Jovanovic, Dusan D"]
[Result "1-0"]
[WhiteElo "2479"]
[BlackElo "2402"]
[PlyCount "101"]
[EventDate "2013.08.17"]
[EventType "tourn"]
[EventRounds "9"]
[EventCountry "HUN"]
[EventCategory "9"]
[SourceTitle "CBM 156 Extra"]
[Source "ChessBase"]
[SourceDate "2013.10.22"]
[SourceVersion "1"]
[SourceVersionDate "2013.10.22"]
[SourceQuality "1"]

1. d4 Nf6 2. c4 e6 3. Nf3 Bb4+ 4. Nbd2 b6 5. a3 Bxd2+ 6. Qxd2 Bb7 7. e3 d6 8. b4 Nbd7 9. Bb2 a5 10. b5 0-0 11. Be2 Ne4 12. Qc2 f5 13. 0-0 Qe7 14. Rad1 Rae8 15. Ne1 Qh4 16. f3 Ng5 17. Nd3 Nf6 18. Nf4 Nf7 19. d5 Bc8 20. dxe6 Bxe6 21. Bd3 Bc8 22. Bxf6 Qxf6 23. Nd5 Qd8 24. Bxf5 Bxf5 25. Qxf5 Ne5 26. Qc2 Rf7 27. h3 Re6 28. e4 g5 29. Ne3 Qf6 30. Ng4 Qf4 31. Rd5 Nxg4 32. hxg4 Rh6 33. Qd2 Qh2+ 34. Kf2 Rg6 35. Rf5 Qh4+ 36. Ke2 Re7 37. Qd5+ Kg7 38. Rd1 Qh2 39. Kf2 h5 40. Qa8 Qh4+ 41. Ke2 Rf7 42. Qe8 Rgf6 43. Rxf6 Kxf6 44. Rd5 Kg7 45. Qd8 Kg6 46. Qg8+ Rg7 47. Qe8+ Kh6 48. Qxh5+ Qxh5 49. gxh5 Kxh5 50. f4 Kg4 51. Rxg5+ 1-0

[Event "Budapest Sarkany GM 4th"]
[Site "Budapest"]
[Date "2013.08.17"]
[Round "1"]
[White "Galyas, Miklos"]
[Black "Ludwig, Daniel"]
[Result "1-0"]
[WhiteElo "2409"]
[BlackElo "2479"]
[PlyCount "77"]
[EventDate "2013.08.17"]
[EventType "tourn"]
[EventRounds "9"]
[EventCountry "HUN"]
[EventCategory "9"]
[SourceTitle "CBM 156 Extra"]
[Source "ChessBase"]
[SourceDate "2013.10.22"]
[SourceVersion "1"]
[SourceVersionDate "2013.10.22"]
[SourceQuality "1"]

1. Nf3 Nf6 2. c4 g6 3. Nc3 Bg7 4. e4 d6 5. d4 0-0 6. Be2 Na6 7. 0-0 e5 8. Be3 Ng4 9. Bg5 Qe8 10. dxe5 dxe5 11. Qc1 c6 12. h3 Nf6 13. Bh6 Nc5 14. Bxg7 Kxg7 15. Qe3 Qe7 16. b4 Ne6 17. c5 Nf4 18. Rfd1 Bxh3 19. gxh3 Nxh3+ 20. Kg2 Ng4 21. Qc1 Nf4+ 22. Kf1 Rad8 23. Qb2 Nh2+ 24. Nxh2 Qh4 25. Kg1 Qg5+ 26. Bg4 h5 27. Ne2 Nh3+ 28. Kg2 hxg4 29. Qc3 Rxd1 30. Rxd1 Rh8 31. Qg3 Rh4 32. Rd7 Kf8 33. Rxb7 a6 34. a4 Qh5 35. Nf1 Qg5 36. b5 Nf4+ 37. Nxf4 exf4 38. Rb8+ Ke7 39. Qd3 1-0

[Event "Washington op 2nd"]
[Site "Rockville"]
[Date "2013.08.11"]
[Round "9"]
[White "Ludwig, Daniel"]
[Black "Smirin, Ilia"]
[Result "1/2-1/2"]
[WhiteElo "2479"]
[BlackElo "2663"]
[PlyCount "41"]
[EventDate "2013.08.06"]
[EventType "swiss"]
[EventRounds "9"]
[EventCountry "USA"]
[SourceTitle "CBM 155 Extra"]
[Source "ChessBase"]
[SourceDate "2013.08.26"]
[SourceVersion "1"]
[SourceVersionDate "2013.08.26"]
[SourceQuality "1"]

1. d4 Nf6 2. c4 g6 3. Nc3 Bg7 4. e4 d6 5. Be2 0-0 6. Bg5 Nbd7 7. f3 a6 8. Nh3 c5 9. dxc5 Nxc5 10. Nf2 Bd7 11. 0-0 b5 12. Qd2 b4 13. Nd5 Nxd5 14. exd5 Re8 15. Ne4 Qb6 16. Be3 e6 17. dxe6 Rxe6 18. Bxc5 dxc5 19. Qxd7 Rd8 20. Qa4 f5 21. Ng3 1/2-1/2

[Event "Washington op 2nd"]
[Site "Rockville"]
[Date "2013.08.09"]
[Round "7"]
[White "Ludwig, Daniel"]
[Black "Lenderman, Aleksandr"]
[Result "1-0"]
[WhiteElo "2479"]
[BlackElo "2527"]
[PlyCount "67"]
[EventDate "2013.08.06"]
[EventType "swiss"]
[EventRounds "9"]
[EventCountry "USA"]
[SourceTitle "CBM 155 Extra"]
[Source "ChessBase"]
[SourceDate "2013.08.26"]
[SourceVersion "1"]
[SourceVersionDate "2013.08.26"]
[SourceQuality "1"]

1. c4 e5 2. Nc3 Nc6 3. Nf3 Nf6 4. e3 Be7 5. a3 d5 6. cxd5 Nxd5 7. Qc2 a6 8. Nxd5 Qxd5 9. Bc4 Qd6 10. b4 0-0 11. Bb2 Be6 12. 0-0 Bxc4 13. Qxc4 Rfd8 14. Rac1 Bf6 15. Rfd1 Qd3 16. e4 Rd7 17. Rc3 Qxc4 18. Rxc4 g5 19. h3 h5 20. Kf1 Rd3 21. Bc3 g4 22. hxg4 hxg4 23. Nh2 g3 24. Ng4 Bg7 25. Ke2 Rad8 26. f3 R3d7 27. Rh1 Ne7 28. Rh3 f5 29. exf5 Nxf5 30. Ne3 Nxe3 31. Kxe3 Kf7 32. Rg4 Bf6 33. f4 Re8 34. f5 1-0

[Event "Washington op 2nd"]
[Site "Rockville"]
[Date "2013.08.06"]
[Round "2"]
[White "Shetty, Atulya"]
[Black "Ludwig, Daniel"]
[Result "1/2-1/2"]
[WhiteElo "2341"]
[BlackElo "2479"]
[PlyCount "70"]
[EventDate "2013.08.06"]
[EventType "swiss"]
[EventRounds "9"]
[EventCountry "USA"]
[SourceTitle "EXT 2014"]
[Source "ChessBase"]
[SourceDate "2013.11.20"]
[SourceVersion "1"]
[SourceVersionDate "2013.11.20"]
[SourceQuality "1"]

1. c4 Nf6 2. g3 g6 3. Bg2 Bg7 4. Nc3 0-0 5. e4 e5 6. Nge2 Nc6 7. 0-0 d6 8. d3 a6 9. Nd5 Nxd5 10. cxd5 Ne7 11. Be3 f5 12. Qd2 Bd7 13. d4 fxe4 14. dxe5 Bxe5 15. Bxe4 Nf5 16. Bf4 Qf6 17. Bxf5 Bxf5 18. Bxe5 dxe5 19. Qe3 Bg4 20. Rac1 Rf7 21. Rc4 Qf3 22. Re4 Rf5 23. Nc3 Raf8 24. Qxf3 Bxf3 25. Re3 Rd8 26. Rfe1 Bxd5 27. Rxe5 Rxe5 28. Rxe5 Bc6 29. f4 Kf7 30. Kf2 Rd2+ 31. Re2 Rd3 32. Re3 Rd4 33. Re5 Rd2+ 34. Re2 Rd3 35. Re3 Rd2+ 1/2-1/2

[Event "Los Angeles Metropolitan 22nd"]
[Site "Los Angeles"]
[Date "2012.08.17"]
[Round "6"]
[White "Liou, Yian"]
[Black "Ludwig, Daniel"]
[Result "1-0"]
[WhiteElo "2350"]
[BlackElo "2483"]
[PlyCount "55"]
[EventDate "2012.08.14"]
[EventType "swiss"]
[EventRounds "9"]
[EventCountry "USA"]
[SourceTitle "CBM 150 Extra"]
[Source "ChessBase"]
[SourceDate "2012.10.19"]
[SourceVersion "1"]
[SourceVersionDate "2012.10.19"]
[SourceQuality "1"]

1. e4 c5 2. Nc3 d6 3. Nf3 Nf6 4. d4 cxd4 5. Nxd4 e6 6. Bd3 Nc6 7. Nxc6 bxc6 8. 0-0 Be7 9. Qe2 d5 10. b3 0-0 11. Bb2 Bb7 12. Rae1 Nd7 13. Na4 Nb6 14. Nxb6 axb6 15. a4 d4 16. c3 e5 17. Bc4 Bc5 18. Rd1 Re8 19. b4 Bd6 20. cxd4 exd4 21. Bxd4 Qc7 22. Qg4 Bxh2+ 23. Kh1 Be5 24. Bxe5 Qxe5 25. Rd7 Re7 26. Rfd1 Bc8 27. Rd8+ Re8 28. Qg5 1-0

[Event "Philadelphia int op 9th"]
[Site "Philadelphia"]
[Date "2012.07.02"]
[Round "8"]
[White "Ludwig, Daniel"]
[Black "Zapata, Alonso"]
[Result "1/2-1/2"]
[WhiteElo "2456"]
[BlackElo "2484"]
[PlyCount "93"]
[EventDate "2012.06.29"]
[EventType "swiss"]
[EventRounds "9"]
[EventCountry "USA"]
[SourceTitle "CBM 149 Extra"]
[Source "ChessBase"]
[SourceDate "2012.08.24"]
[SourceVersion "1"]
[SourceVersionDate "2012.08.24"]
[SourceQuality "1"]

1. d4 Nf6 2. c4 d6 3. Nc3 Nbd7 4. Nf3 c6 5. g3 e5 6. Bg2 Be7 7. 0-0 0-0 8. Qc2 Re8 9. b3 Bf8 10. Bb2 Qc7 11. Rac1 a6 12. Rfd1 e4 13. Nh4 d5 14. cxd5 cxd5 15. f3 exf3 16. Bxf3 Qd6 17. Ng2 Nb6 18. Nf4 Bg4 19. Nd3 Nbd7 20. Na4 Qe6 21. Qd2 Ne4 22. Qf4 Bf5 23. Nac5 Nexc5 24. Nxc5 Nxc5 25. dxc5 Be4 26. Bxe4 dxe4 27. Qg5 f6 28. Qd5 Rac8 29. b4 Qxd5 30. Rxd5 Kf7 31. Rcd1 a5 32. a3 axb4 33. axb4 Rb8 34. Bc1 Ra8 35. Kf2 Ra4 36. R1d4 g6 37. g4 Re5 38. Rd7+ Re7 39. R7d5 Re5 40. Rxe5 fxe5 41. Rd7+ Ke6 42. Rxb7 Rxb4 43. Rc7 Be7 44. g5 Rb8 45. Be3 Rb3 46. Rc8 Rc3 47. Rc7 1/2-1/2

[Event "Philadelphia int op 9th"]
[Site "Philadelphia"]
[Date "2012.07.01"]
[Round "6"]
[White "Bosiocic, Marin"]
[Black "Ludwig, Daniel"]
[Result "1-0"]
[WhiteElo "2555"]
[BlackElo "2456"]
[PlyCount "47"]
[EventDate "2012.06.29"]
[EventType "swiss"]
[EventRounds "9"]
[EventCountry "USA"]
[SourceTitle "CBM 149 Extra"]
[Source "ChessBase"]
[SourceDate "2012.08.24"]
[SourceVersion "1"]
[SourceVersionDate "2012.08.24"]
[SourceQuality "1"]

1. d4 Nf6 2. c4 e6 3. Nc3 Bb4 4. e3 0-0 5. Bd3 d5 6. Nf3 c5 7. 0-0 dxc4 8. Bxc4 cxd4 9. exd4 b6 10. Bg5 Bb7 11. Re1 Bxc3 12. bxc3 Nbd7 13. Rc1 Qc7 14. Bd3 Rfe8 15. Bh4 Rac8 16. Bg3 Qc6 17. a4 Qd5 18. c4 Qa5 19. Ne5 Red8 20. Bh4 Nf8 21. Bxf6 gxf6 22. Qg4+ Ng6 23. Bxg6 hxg6 24. Nxg6 1-0

[Event "Philadelphia int op 9th"]
[Site "Philadelphia"]
[Date "2012.06.30"]
[Round "4"]
[White "Jankovic, Alojzije"]
[Black "Ludwig, Daniel"]
[Result "1/2-1/2"]
[WhiteElo "2564"]
[BlackElo "2456"]
[PlyCount "71"]
[EventDate "2012.06.29"]
[EventType "swiss"]
[EventRounds "9"]
[EventCountry "USA"]
[SourceTitle "CBM 149 Extra"]
[Source "ChessBase"]
[SourceDate "2012.08.24"]
[SourceVersion "1"]
[SourceVersionDate "2012.08.24"]
[SourceQuality "1"]

1. d4 Nf6 2. c4 e6 3. Nc3 Bb4 4. Bg5 c5 5. d5 h6 6. Bh4 d6 7. e3 exd5 8. cxd5 Nbd7 9. Bd3 Qa5 10. Nge2 Nxd5 11. 0-0 Bxc3 12. bxc3 0-0 13. Qd2 N5f6 14. e4 b6 15. Ng3 Ba6 16. Nf5 Rae8 17. Nxd6 Bxd3 18. Qxd3 Re6 19. f4 c4 20. Nxc4 Qc5+ 21. Bf2 Qc6 22. e5 Ne4 23. Bd4 Ndc5 24. Qe3 f5 25. exf6 Nxf6 26. Ne5 Ng4 27. Qh3 Nxe5 28. Bxe5 Rfe8 29. Bd4 Re2 30. Qg4 Qd7 31. f5 R8e4 32. Qf3 Qf7 33. f6 Ne6 34. fxg7 Qxf3 35. gxf3 Rf4 36. Bf2 1/2-1/2

[Event "Philadelphia op"]
[Site "Philadelphia"]
[Date "2011.04.23"]
[Round "6"]
[White "Mitkov, Nikola"]
[Black "Ludwig, Daniel"]
[Result "1-0"]
[WhiteElo "2529"]
[BlackElo "2450"]
[PlyCount "51"]
[EventDate "2011.04.20"]
[EventType "swiss"]
[EventRounds "9"]
[EventCountry "USA"]
[SourceTitle "CBM 141 Extra"]
[Source "ChessBase"]
[SourceDate "2011.05.03"]
[SourceVersion "1"]
[SourceVersionDate "2011.05.03"]
[SourceQuality "1"]

1. e4 c5 2. Nc3 e6 3. Nf3 a6 4. d4 cxd4 5. Nxd4 d6 6. Bd3 Nf6 7. 0-0 Be7 8. f4 Nbd7 9. Kh1 0-0 10. Bd2 Nc5 11. Qf3 Nxd3 12. cxd3 Qb6 13. Nb3 a5 14. Be3 Qa6 15. Nd4 a4 16. Rad1 Qa5 17. a3 Bd7 18. g4 Bc6 19. g5 Nd7 20. Qh3 Nc5 21. f5 exf5 22. Nxf5 Qd8 23. Nxg7 Kxg7 24. Qh6+ Kg8 25. Rf3 Qc8 26. Bd4 1-0

[Event "Philadelphia op"]
[Site "Philadelphia"]
[Date "2011.04.21"]
[Round "3"]
[White "Ludwig, Daniel"]
[Black "Perelshteyn, Eugene"]
[Result "1/2-1/2"]
[WhiteElo "2450"]
[BlackElo "2533"]
[PlyCount "73"]
[EventDate "2011.04.20"]
[EventType "swiss"]
[EventRounds "9"]
[EventCountry "USA"]
[SourceTitle "CBM 141 Extra"]
[Source "ChessBase"]
[SourceDate "2011.05.03"]
[SourceVersion "1"]
[SourceVersionDate "2011.05.03"]
[SourceQuality "1"]

1. d4 Nf6 2. c4 g6 3. Nc3 Bg7 4. e4 d6 5. f3 a6 6. Be3 c6 7. c5 0-0 8. Nge2 b6 9. cxd6 exd6 10. Nf4 c5 11. dxc5 dxc5 12. Qxd8 Rxd8 13. Nfd5 Nbd7 14. 0-0-0 Nxd5 15. Nxd5 Bb7 16. Bg5 f6 17. Bc4 fxg5 18. Nxb6+ Kh8 19. Nxa8 Bxa8 20. Rd6 Be5 21. Rhd1 Bxd6 22. Rxd6 Kg7 23. Be6 Kf6 24. Rxd7 Rxd7 25. Bxd7 Ke5 26. Kd2 Kd4 27. Be6 Bc6 28. Bg8 Be8 29. g3 g4 30. Ke2 h6 31. Bd5 Bb5+ 32. Kf2 Bd3 33. Bb7 a5 34. e5 Kxe5 35. Ke3 Bf5 36. f4+ Kd6 37. Bg2 1/2-1/2

[Event "Dallas UTD-A"]
[Site "Dallas"]
[Date "2009.11.28"]
[Round "8"]
[White "Ludwig, Daniel"]
[Black "Wang, Puchen"]
[Result "1/2-1/2"]
[WhiteElo "2461"]
[BlackElo "2466"]
[PlyCount "130"]
[EventDate "2009.11.21"]
[EventType "tourn"]
[EventRounds "9"]
[EventCountry "USA"]
[EventCategory "10"]
[SourceTitle "CBM 133 Extra"]
[Source "ChessBase"]
[SourceDate "2010.01.05"]
[SourceVersion "1"]
[SourceVersionDate "2010.01.05"]
[SourceQuality "1"]

1. d4 d5 2. c4 c6 3. Nf3 Nf6 4. Nc3 dxc4 5. a4 Na6 6. e3 Bg4 7. Bxc4 e6 8. h3 Bh5 9. Qe2 Nb4 10. 0-0 Be7 11. Rd1 0-0 12. e4 Bxf3 13. gxf3 Qa5 14. Be3 Rad8 15. f4 Rfe8 16. Rd2 g6 17. Rad1 a6 18. Qf3 Rd7 19. Bb3 Red8 20. Kg2 Bf8 21. Qg3 Nh5 22. Qf3 Bg7 23. Ne2 c5 24. e5 cxd4 25. Rxd4 Rxd4 26. Rxd4 Rxd4 27. Nxd4 Nd3 28. Qe4 Nc5 29. Qc2 Qb4 30. Qc3 Qxc3 31. bxc3 g5 32. fxg5 Bxe5 33. Bc2 Nf4+ 34. Bxf4 Bxf4 35. h4 h6 36. gxh6 Bxh6 37. Kf3 Kg7 38. Ne2 f5 39. Kg3 Bd2 40. c4 Kf6 41. Nd4 Bh6 42. f4 Nd7 43. Nb3 Bf8 44. Bd1 e5 45. fxe5+ Nxe5 46. c5 Nc6 47. Bf3 Ke5 48. h5 Bh6 49. Bh1 Bg5 50. Bg2 Bh6 51. Bh1 Kf6 52. Bxc6 bxc6 53. Nd4 Be3 54. Nxc6 Bxc5 55. h6 Bd6+ 56. Kf3 Kg6 57. Nd4 Be5 58. Nc6 Bf6 59. Nb4 Be7 60. Nc6 Bf6 61. Nb4 Be5 62. Nc6 Bf6 63. Nb4 Be7 64. Nc6 Bf8 65. h7 Kxh7 1/2-1/2

[Event "Dallas UTD-A"]
[Site "Dallas"]
[Date "2009.11.23"]
[Round "3"]
[White "Ludwig, Daniel"]
[Black "Kacheishvili, Giorgi"]
[Result "1-0"]
[WhiteElo "2461"]
[BlackElo "2583"]
[PlyCount "105"]
[EventDate "2009.11.21"]
[EventType "tourn"]
[EventRounds "9"]
[EventCountry "USA"]
[EventCategory "10"]
[SourceTitle "CBM 133 Extra"]
[Source "ChessBase"]
[SourceDate "2010.01.05"]
[SourceVersion "1"]
[SourceVersionDate "2010.01.05"]
[SourceQuality "1"]

1. e4 c6 2. d4 d5 3. exd5 cxd5 4. c4 Nf6 5. Nc3 g6 6. cxd5 Nxd5 7. Bb5+ Bd7 8. Qb3 Nb6 9. Nf3 Bg7 10. Ne5 0-0 11. Nxd7 N8xd7 12. Be3 Nf6 13. 0-0 Nbd5 14. Bc4 Nxe3 15. fxe3 Rc8 16. Rad1 Bh6 17. e4 Ng4 18. Bxf7+ Kg7 19. Nd5 Rxf7 20. Rxf7+ Kxf7 21. Ne3+ Kf8 22. Nxg4 Rc1 23. Qd3 Rxd1+ 24. Qxd1 Bg7 25. e5 Qb6 26. b3 Qa5 27. Qc1 Qb6 28. Qc8+ Kf7 29. Qc4+ e6 30. Nf2 Bf8 31. Ne4 Be7 32. Kf2 Qa5 33. a4 a6 34. Qc3 Qd5 35. Nd2 Ke8 36. Qc4 Qa5 37. Ne4 Kd7 38. Nc3 Bb4 39. Ne2 Be7 40. Qc3 Qd5 41. Qf3 Qxf3+ 42. Kxf3 Kc6 43. Ke4 g5 44. Nc3 Bb4 45. d5+ exd5+ 46. Nxd5 Bf8 47. Nf6 h6 48. e6 Kd6 49. Kf5 Ke7 50. Ng8+ Ke8 51. Kg6 b5 52. axb5 axb5 53. Kf6 1-0

[Event "Dallas UTD-A"]
[Site "Dallas"]
[Date "2009.11.22"]
[Round "2"]
[White "Stopa, Jacek"]
[Black "Ludwig, Daniel"]
[Result "1/2-1/2"]
[WhiteElo "2493"]
[BlackElo "2461"]
[PlyCount "40"]
[EventDate "2009.11.21"]
[EventType "tourn"]
[EventRounds "9"]
[EventCountry "USA"]
[EventCategory "10"]
[SourceTitle "CBM 133 Extra"]
[Source "ChessBase"]
[SourceDate "2010.01.05"]
[SourceVersion "1"]
[SourceVersionDate "2010.01.05"]
[SourceQuality "1"]

1. e4 c5 2. Nf3 d6 3. d4 cxd4 4. Nxd4 Nf6 5. Nc3 a6 6. Be2 e6 7. 0-0 Qc7 8. a4 b6 9. f4 Bb7 10. Bf3 Nbd7 11. Kh1 Be7 12. Qe1 0-0 13. e5 Ne8 14. Qg3 Rc8 15. Be3 g6 16. Bxb7 Qxb7 17. Rad1 Ng7 18. exd6 Bxd6 19. Qf3 Qxf3 20. Nxf3 Bc5 1/2-1/2

[Event "USA tt"]
[Site "ICC INT"]
[Date "2009.10.05"]
[Round "6"]
[White "Ehlvest, Jaan"]
[Black "Ludwig, Daniel"]
[Result "1/2-1/2"]
[WhiteElo "2614"]
[BlackElo "2461"]
[PlyCount "97"]
[EventDate "2009.08.31"]
[EventType "team (rapid)"]
[EventRounds "10"]
[EventCountry "USA"]
[SourceTitle "CBM 132 Extra"]
[Source "ChessBase"]
[SourceDate "2009.11.03"]
[SourceVersion "1"]
[SourceVersionDate "2009.11.03"]
[SourceQuality "1"]

1. e4 c5 2. Nf3 d6 3. d4 cxd4 4. Nxd4 Nf6 5. Nc3 a6 6. Be3 e6 7. g4 e5 8. Nf5 h5 9. g5 Nxe4 10. Nxg7+ Bxg7 11. Nxe4 d5 12. Ng3 d4 13. Bd2 Qd5 14. c4 Qc6 15. Bd3 Bg4 16. Qc2 Bf3 17. Be4 Bxe4 18. Nxe4 Nd7 19. 0-0-0 0-0-0 20. Kb1 Kb8 21. Bb4 Bf8 22. Bxf8 Rhxf8 23. Rhe1 f5 24. gxf6 Nxf6 25. Nxf6 Qxf6 26. Rd2 Qf4 27. h3 Qh2 28. Qe4 Rde8 29. Qh4 Qf4 30. Qxf4 Rxf4 31. Kc2 Rh4 32. Rd3 Kc7 33. Kd2 Kd6 34. Rg1 Re7 35. b4 Rf7 36. Rg6+ Kc7 37. Rg2 Rd7 38. Rg5 e4 39. Rdg3 Rf4 40. Ke1 d3 41. Rg7 d2+ 42. Kd1 Rxf2 43. Rxd7+ Kxd7 44. Re3 Rh2 45. Rxe4 Rxh3 46. Kxd2 Rh2+ 47. Kc3 Rxa2 48. Rh4 Ra3+ 49. Kb2 1/2-1/2

[Event "USA tt"]
[Site "ICC INT"]
[Date "2009.09.08"]
[Round "2"]
[White "Ludwig, Daniel"]
[Black "Kraai, Jesse"]
[Result "1-0"]
[WhiteElo "2461"]
[BlackElo "2498"]
[PlyCount "37"]
[EventDate "2009.08.31"]
[EventType "team (rapid)"]
[EventRounds "10"]
[EventCountry "USA"]
[SourceTitle "CBM 132 Extra"]
[Source "ChessBase"]
[SourceDate "2009.11.03"]
[SourceVersion "1"]
[SourceVersionDate "2009.11.03"]
[SourceQuality "1"]

1. e4 e6 2. d4 d5 3. Nd2 c5 4. exd5 Qxd5 5. Ngf3 cxd4 6. Bc4 Qd6 7. 0-0 Nc6 8. Nb3 Nf6 9. Nbxd4 Nxd4 10. Nxd4 Bd7 11. b3 Be7 12. a4 a6 13. Re1 Qc7 14. Qf3 0-0 15. Nf5 Bc6 16. Qg3 Qxg3 17. Nxe7+ Kh8 18. hxg3 Be4 19. Bb2 1-0

[Event "Budapest FS02 GM"]
[Site "Budapest"]
[Date "2009.02.17"]
[Round "11"]
[White "Nguyen, Huynh Minh Huy"]
[Black "Ludwig, Daniel"]
[Result "1/2-1/2"]
[WhiteElo "2465"]
[BlackElo "2421"]
[PlyCount "21"]
[EventDate "2009.02.07"]
[EventType "tourn"]
[EventRounds "11"]
[EventCountry "HUN"]
[EventCategory "8"]
[SourceTitle "CBM 128 Extra"]
[Source "ChessBase"]
[SourceDate "2009.03.05"]
[SourceVersion "2"]
[SourceVersionDate "2009.03.25"]
[SourceQuality "1"]

1. d4 d5 2. c4 c6 3. Nc3 Nf6 4. cxd5 cxd5 5. Bf4 Nc6 6. e3 Bf5 7. Nf3 e6 8. Bd3 Bxd3 9. Qxd3 Be7 10. 0-0 0-0 11. Rfc1 1/2-1/2

[Event "Budapest FS02 GM"]
[Site "Budapest"]
[Date "2009.02.16"]
[Round "10"]
[White "Ludwig, Daniel"]
[Black "Duong, The Anh"]
[Result "1-0"]
[WhiteElo "2421"]
[BlackElo "2418"]
[PlyCount "71"]
[EventDate "2009.02.07"]
[EventType "tourn"]
[EventRounds "11"]
[EventCountry "HUN"]
[EventCategory "8"]
[SourceTitle "CBM 128 Extra"]
[Source "ChessBase"]
[SourceDate "2009.03.05"]
[SourceVersion "2"]
[SourceVersionDate "2009.03.25"]
[SourceQuality "1"]

1. d4 b6 2. e4 Bb7 3. Bd3 Nf6 4. Nd2 e6 5. Ngf3 c5 6. e5 Nd5 7. dxc5 Bxc5 8. c4 Nf4 9. Be4 Nc6 10. 0-0 Ng6 11. a3 Qc7 12. b4 Be7 13. Bb2 0-0 14. Re1 f5 15. exf6 Bxf6 16. Bxg6 hxg6 17. Qc2 Ne7 18. Rad1 Rac8 19. Be5 Bxe5 20. Nxe5 Rf5 21. Qb2 Rcf8 22. f3 d6 23. Ng4 e5 24. Nf2 g5 25. Nde4 Rd8 26. Qd2 Ng6 27. c5 bxc5 28. bxc5 Bxe4 29. cxd6 Qb6 30. Rxe4 Nf4 31. Rb4 Qa6 32. Qa2+ Kh8 33. Qc2 Ne2+ 34. Kh1 Rf4 35. Qc7 Rc8 36. d7 1-0

[Event "Washington Eastern op 35rd"]
[Site "Washington DC"]
[Date "2008.12.30"]
[Round "7"]
[White "Kudrin, Sergey"]
[Black "Ludwig, Daniel"]
[Result "1/2-1/2"]
[WhiteElo "2553"]
[BlackElo "2400"]
[PlyCount "120"]
[EventDate "2008.12.27"]
[EventType "swiss"]
[EventRounds "7"]
[EventCountry "USA"]
[SourceTitle "CBM 128 Extra"]
[Source "ChessBase"]
[SourceDate "2009.03.05"]
[SourceVersion "2"]
[SourceVersionDate "2009.03.25"]
[SourceQuality "1"]

1. e4 c5 2. Nf3 d6 3. d4 cxd4 4. Nxd4 Nf6 5. Nc3 e6 6. g4 h6 7. h3 Nc6 8. Be3 a6 9. Bg2 Ne5 10. Qe2 g5 11. 0-0-0 Qc7 12. f4 gxf4 13. Bxf4 b5 14. Qf2 Nfd7 15. Kb1 Bb7 16. Nce2 0-0-0 17. Ng3 Kb8 18. b3 Be7 19. Qd2 Rdg8 20. Nh5 Rg6 21. Ne2 Rc8 22. Rhf1 Ka8 23. Be3 Nf6 24. Nxf6 Bxf6 25. Nf4 Bg5 26. Nxg6 Bxe3 27. Qxe3 Qxc2+ 28. Ka1 Qxg2 29. Rf2 Nxg4 30. hxg4 Qxg4 31. Rxd6 Qxg6 32. Kb2 h5 33. Rd7 Qxe4 34. Qxe4 Bxe4 35. Rdxf7 Bf5 36. Ka3 a5 37. Rd2 h4 38. Rdd7 Rh8 39. Ra7+ Kb8 40. Rfb7+ Kc8 41. Rc7+ Kb8 42. Rcb7+ Kc8 43. b4 Be4 44. Ra8+ Kxb7 45. Rxh8 a4 46. Rxh4 Bd5 47. Kb2 Kc6 48. a3 Bc4 49. Kc3 e5 50. Kd2 Kd5 51. Ke3 Ba2 52. Rg4 Bb3 53. Rg8 Ke6 54. Rc8 Bc4 55. Rc6+ Kf5 56. Rc5 Bf1 57. Rc2 Bc4 58. Rd2 Bb3 59. Rd6 Ba2 60. Rd8 Bb3 1/2-1/2

[Event "Philadelphia National op 39th"]
[Site "Philadelphia"]
[Date "2008.11.30"]
[Round "5"]
[White "Kritz, Leonid"]
[Black "Ludwig, Daniel"]
[Result "1/2-1/2"]
[WhiteElo "2592"]
[BlackElo "2400"]
[PlyCount "100"]
[EventDate "2008.11.28"]
[EventType "swiss"]
[EventRounds "6"]
[EventCountry "USA"]
[SourceTitle "CBM 127 Extra"]
[Source "ChessBase"]
[SourceDate "2009.01.08"]
[SourceVersion "2"]
[SourceVersionDate "2009.01.28"]
[SourceQuality "1"]

1. e4 c5 2. Nf3 d6 3. c3 Nf6 4. Be2 b6 5. 0-0 Bb7 6. d3 Nbd7 7. Nbd2 g6 8. Re1 Bg7 9. Bf1 0-0 10. d4 e6 11. Bd3 a6 12. Nf1 b5 13. Ng3 Qc7 14. Be3 Rac8 15. Qe2 Nb6 16. Rad1 Nfd7 17. Bc1 b4 18. Be3 bxc3 19. bxc3 Na4 20. Rc1 Qa5 21. Bd2 Nb2 22. Bb1 Nb6 23. Bg5 N2a4 24. Bd2 Nb2 25. Bf4 N2c4 26. Bd3 d5 27. Ne5 cxd4 28. cxd4 Nxe5 29. Bxe5 dxe4 30. Bxe4 Bxe4 31. Qxe4 Qd5 32. Qxd5 Nxd5 33. Ne4 Nb4 34. Rb1 Nxa2 35. g3 Nc3 36. Nxc3 Rxc3 37. Rb6 Ra8 38. Bxg7 Kxg7 39. Ra1 a5 40. Ra4 Rc7 41. Rb5 Rca7 42. Kf1 Kf6 43. Ke2 Ke7 44. Kd3 Kd6 45. Kc4 h5 46. h4 Ra6 47. Kd3 Kc6 48. Rc5+ Kd6 49. Rb5 R8a7 50. Rc5 Ra8 1/2-1/2